<?xml version="1.0" encoding="UTF-8"?><?xml-stylesheet type="text/xsl" href="static/style.xsl"?><OAI-PMH xmlns="http://www.openarchives.org/OAI/2.0/" xmlns:xsi="http://www.w3.org/2001/XMLSchema-instance" xsi:schemaLocation="http://www.openarchives.org/OAI/2.0/ http://www.openarchives.org/OAI/2.0/OAI-PMH.xsd"><responseDate>2026-04-28T19:49:13Z</responseDate><request verb="GetRecord" identifier="oai:uvadoc.uva.es:10324/20901" metadataPrefix="marc">https://uvadoc.uva.es/oai/request</request><GetRecord><record><header><identifier>oai:uvadoc.uva.es:10324/20901</identifier><datestamp>2021-06-23T11:31:44Z</datestamp><setSpec>com_10324_1175</setSpec><setSpec>com_10324_931</setSpec><setSpec>com_10324_894</setSpec><setSpec>col_10324_1355</setSpec></header><metadata><record xmlns="http://www.loc.gov/MARC21/slim" xmlns:doc="http://www.lyncode.com/xoai" xmlns:xsi="http://www.w3.org/2001/XMLSchema-instance" xmlns:dcterms="http://purl.org/dc/terms/" xsi:schemaLocation="http://www.loc.gov/MARC21/slim http://www.loc.gov/standards/marcxml/schema/MARC21slim.xsd">
<leader>00925njm 22002777a 4500</leader>
<datafield tag="042" ind1=" " ind2=" ">
<subfield code="a">dc</subfield>
</datafield>
<datafield tag="720" ind1=" " ind2=" ">
<subfield code="a">Martín Jiménez, Alfonso</subfield>
<subfield code="e">author</subfield>
</datafield>
<datafield tag="260" ind1=" " ind2=" ">
<subfield code="c">2016</subfield>
</datafield>
<datafield tag="520" ind1=" " ind2=" ">
<subfield code="a">En el año 2016, en el que conmemoramos los cuatrocientos años transcurridos desde la muerte de Cervantes, la mayor parte de la crítica sigue sin comprender cómo se desarrolló la disputa literaria entre Cervantes y Avellaneda. En este trabajo se intenta explicar cómo se produjo esa disputa, mostrando la negativa influencia que ha tenido la tradición heredada de la Historia literaria romántica y positivista, la cual ha impedido reconocer dos aspectos esenciales: que toda la segunda parte del 'Quijote' de Cervantes constituye una imitación del 'Quijote' de Avellaneda, y que el propio Cervantes identificaba a Avellaneda con el aragonés Jerónimo de Pasamonte.&#xd;
ABSTRACT:  In 2016, when we commemorated the four hundred years since the death of Cervantes, most critics still do not understand how the literary dispute between Cervantes and Avellaneda developed. This paper attempts to explain how the dispute occurred, showing that the inherited tradition of romantic and positivist Literary History has been unable to recognize two essential aspects: the whole second part of 'Don Quixote' of Cervantes is an imitation of 'Don Quixote' of Avellaneda, and Cervantes himself identified Avellaneda with the Aragonese Jerónimo de Pasamonte.</subfield>
</datafield>
<datafield tag="024" ind2=" " ind1="8">
<subfield code="a">Boletín de la Biblioteca de Menéndez Pelayo, 2016, 92, p. 281-299.</subfield>
</datafield>
<datafield tag="024" ind2=" " ind1="8">
<subfield code="a">006-1646</subfield>
</datafield>
<datafield tag="024" ind2=" " ind1="8">
<subfield code="a">http://uvadoc.uva.es/handle/10324/20901</subfield>
</datafield>
<datafield tag="024" ind2=" " ind1="8">
<subfield code="a">281</subfield>
</datafield>
<datafield tag="024" ind2=" " ind1="8">
<subfield code="a">92</subfield>
</datafield>
<datafield tag="024" ind2=" " ind1="8">
<subfield code="a">299</subfield>
</datafield>
<datafield tag="024" ind2=" " ind1="8">
<subfield code="a">Boletín de la Biblioteca de Menéndez Pelayo</subfield>
</datafield>
<datafield ind1=" " ind2=" " tag="653">
<subfield code="a">Cervantes</subfield>
</datafield>
<datafield ind1=" " ind2=" " tag="653">
<subfield code="a">Avellaneda</subfield>
</datafield>
<datafield ind1=" " ind2=" " tag="653">
<subfield code="a">Quijote apócrifo</subfield>
</datafield>
<datafield ind1=" " ind2=" " tag="653">
<subfield code="a">Jerónimo de Pasamonte</subfield>
</datafield>
<datafield ind1=" " ind2=" " tag="653">
<subfield code="a">Vida y trabajos de Jerónimo de Pasamonte</subfield>
</datafield>
<datafield ind1=" " ind2=" " tag="653">
<subfield code="a">Lope de Vega</subfield>
</datafield>
<datafield tag="245" ind1="0" ind2="0">
<subfield code="a">Cervantes y Avellaneda (1616-2016): presunciones y certidumbres</subfield>
</datafield>
</record></metadata></record></GetRecord></OAI-PMH>